000 00238nam a22001217a 4500
003 SGT
082 _a658.8,ETZ
100 _aETZEL,MICHAEL J.
245 _aMARKETING
250 _a14TH
260 _aNEW DELHI
_bTMH
_c2010
942 _2ddc
_cCD
999 _c10878
_d10878